<?xml version="1.0" encoding="UTF-8"?>
<record
    xmlns:xsi="http://www.w3.org/2001/XMLSchema-instance"
    xsi:schemaLocation="http://www.loc.gov/MARC21/slim http://www.loc.gov/standards/marcxml/schema/MARC21slim.xsd"
    xmlns="http://www.loc.gov/MARC21/slim">

  <leader>02459nam a2200205 a 4500</leader>
  <controlfield tag="008">171103e2007    ag ||||g |||| 00| 0bspa d</controlfield>
  <datafield tag="020" ind1=" " ind2=" ">
    <subfield code="a">9788467451238</subfield>
  </datafield>
  <datafield tag="041" ind1=" " ind2=" ">
    <subfield code="a">spa</subfield>
  </datafield>
  <datafield tag="092" ind1=" " ind2=" ">
    <subfield code="c">920</subfield>
    <subfield code="l">72</subfield>
    <subfield code="s">RAF</subfield>
  </datafield>
  <datafield tag="100" ind1="1" ind2=" ">
    <subfield code="a">Rafart, Susanna</subfield>
    <subfield code="9">2969</subfield>
  </datafield>
  <datafield tag="245" ind1=" " ind2=" ">
    <subfield code="a">Rousseau. </subfield>
    <subfield code="b">Vida, pensamiento y obra /</subfield>
    <subfield code="c">Susanna Rafart</subfield>
  </datafield>
  <datafield tag="250" ind1=" " ind2=" ">
    <subfield code="a">1a ed.</subfield>
  </datafield>
  <datafield tag="260" ind1=" " ind2=" ">
    <subfield code="a">Barcelona:</subfield>
    <subfield code="b">Planeta De Agostini;</subfield>
    <subfield code="c">2007.</subfield>
  </datafield>
  <datafield tag="300" ind1=" " ind2=" ">
    <subfield code="a">381 p.</subfield>
  </datafield>
  <datafield tag="500" ind1=" " ind2=" ">
    <subfield code="a">Rafart, S. (2007). Rousseau. Vida, pensamiento y obra. (1a ed.). Espa&#xF1;a : Planeta De Agostini.</subfield>
  </datafield>
  <datafield tag="505" ind1=" " ind2=" ">
    <subfield code="a">Entre la ilustraci&#xF3;n y el romanticismo, Jean-Jacques Rousseau particip&#xF3; activamente en el siglo que cambi&#xF3; el rumbo de la cultura occidental. Nacido en Ginebra en 1712, en el seno de una familia protestante de ciudadanos burgueses, su vida y su car&#xE1;cter estuvieron siempre &#xED;ntimamente ligados a su obra. La m&#xFA;sica, el individuo, la tolerancia, la oposici&#xF3;n entre ciencia y religi&#xF3;n o entre sentimiento y raz&#xF3;n, los derechos naturales, en definitiva todos los grandes temas y conflictos del Siglo de las Luces, que desembocaron en el estallido de la Revoluci&#xF3;n francesa en 1789, formaron parte de las inquietudes vitales e intelectuales de este pensador. Su trabajo junto a los enciclopedistas D'Alembert y Diderot, sus pol&#xE9;micas con Voltaire, sus dif&#xED;ciles relaciones con distintas amantes o su tendencia al aislamiento en su entorno natural, le permitieron concebir una obra cuya influencia en los acontecimientos de los siglos XVIII y XIX es clara y reconocida. Su objetivo -la comprensi&#xF3;n racional del ser humano-, tan actual hoy d&#xED;a, se plasm&#xF3; en una obra de la que presentamos aqu&#xED;, en primer lugar, Las Confesiones, un libro que permite conocer los rasgos m&#xE1;s &#xED;ntimos de Rosseau, y del que se han escogido los cap&#xED;tulos en los que es m&#xE1;s potente la relaci&#xF3;n entre la verdad y biograf&#xED;a; y, en segundo lugar, El contrato social, s&#xED;ntesis del pensamiento pol&#xED;tico y social del autor e inspirador de la Declaraci&#xF3;n de los Derechos del hombre y del ciudadano, del que se han escogido los fragmentos en los que se aprecian los principios b&#xE1;sicos de la teor&#xED;a pol&#xED;tica del pensador. El lector,ademas, encontrar&#xE1; en las secciones Vida y Pensamiento y obra, desarrolladas por Susanna Rafat, una elaborada s&#xED;ntesis de la visi&#xF3;n y el pensamiento de Rosseau y el siglo XVIII en Occidente. </subfield>
  </datafield>
  <datafield tag="590" ind1=" " ind2=" ">
    <subfield code="a">Donacion Fondo Nacional de las Artes Oct2017</subfield>
  </datafield>
  <datafield tag="655" ind1=" " ind2=" ">
    <subfield code="a">Literatura</subfield>
    <subfield code="9">2917</subfield>
  </datafield>
  <datafield tag="942" ind1=" " ind2=" ">
    <subfield code="2">ddc</subfield>
    <subfield code="c">LIT</subfield>
  </datafield>
  <datafield tag="999" ind1=" " ind2=" ">
    <subfield code="c">2531</subfield>
    <subfield code="d">2531</subfield>
  </datafield>
  <datafield tag="952" ind1=" " ind2=" ">
    <subfield code="0">0</subfield>
    <subfield code="1">0</subfield>
    <subfield code="2">ddc</subfield>
    <subfield code="4">0</subfield>
    <subfield code="7">0</subfield>
    <subfield code="a">BFM</subfield>
    <subfield code="b">BFM</subfield>
    <subfield code="c">CR</subfield>
    <subfield code="d">2017-11-03</subfield>
    <subfield code="e">Donacion</subfield>
    <subfield code="l">0</subfield>
    <subfield code="o">920;72;RAF</subfield>
    <subfield code="p">3964</subfield>
    <subfield code="r">2017-11-03</subfield>
    <subfield code="t">Ej. 1</subfield>
    <subfield code="w">2017-11-03</subfield>
    <subfield code="y">LIT</subfield>
    <subfield code="z">Donacion Fondo Nacional de las Artes Oct2017</subfield>
  </datafield>
</record>
